| 000 | 00695nam a22002177a 4500 | ||
|---|---|---|---|
| 005 | 20140310183639.0 | ||
| 008 | 131214b xxu||||| |||| 00| 0 eng d | ||
| 020 | _a9781466504998 | ||
| 050 |
_aQA 39.3 _b.B426 2012 |
||
| 100 | _aBelcastro, Sarah-marie. | ||
| 245 |
_aDiscrete mathematics with ducks / _cSarah-Marie Belcastro. |
||
| 260 |
_aBoca Raton : _bCRC Press, _c2012. |
||
| 300 |
_axli, 538 p. : _bill. ; _c25 cm. |
||
| 500 | _aIncludes Bibliographic References and Index. | ||
| 521 | _aEDU | ||
| 650 |
_aMathematics _xTextbooks. |
||
| 650 |
_aComputer science _xMathematics. |
||
| 650 | _aCOMPUTERS / Operating Systems / General. | ||
| 942 |
_2lcc _cBK _kFOR |
||
| 999 |
_c25786 _d25786 |
||